LEADER 00666cam 2200253 a 450 001 996434051703316 005 20220327194119.0 010 $a86-110$x(errato) 100 $a20210819d1998----km y0itay5003 ba 101 0 $apor 102 $aBR 105 $ay 00 y 200 1 $a<> cova dos leo?es$eromance$fGabriel Nascente 210 $aGoia?nia$cKelps$d1998 215 $a231 p.$d17 cm 676 $a869.342 700 1$aNASCENTE,$bGabriel Jose?$01214887 801 0$aIT$bcba$gREICAT 912 $a996434051703316 951 $aVI.7.A. 1308$bISLA$cVI.7.$d546164 959 $aBK 969 $aISLA 996 $aCova dos leo?es$92805493 997 $aUNISA LEADER 02230nam 22003733 450 001 9910163236203321 005 20260201090429.0 010 $a1-939481-02-3 035 $a(CKB)3710000001046040 035 $a(BIP)042203622 035 $a(MiAaPQ)EBC32381747 035 $a(Au-PeEL)EBL32381747 035 $a(EXLCZ)993710000001046040 100 $a20260201d1981 uy 0 101 0 $aeng 135 $aurcnu|||||||| 181 $ctxt$2rdacontent 182 $cc$2rdamedia 183 $acr$2rdacarrier 200 14$aThe Blue Falcon 205 $a1st ed. 210 1$aNEW YORK :$cLiza Dawson Associates,$d1981. 210 4$dİ1981. 215 $a1 online resource (498 p.) 330 8 $aIN LOVE AND WAR, SOME OATHS ARE MEANT TO BE BROKEN...Riding into the arena under the furling blazon of the blue falcon, Sir Conan de Corbney accepts a token from the young beauty, Lady Chandra, sparking a romance foretold long ago. That is, unless Conan's mother can help it. Colluding with her son's rival, Sir Tedric, Lady Udele secretly arranges a more lucrative marriage for her son and weds him to Edwina--Chandra's older sister--while Sir Tedric claims the fiery Chandra for himself. Thus begins the star-crossed lovers' quest, amidst treachery and betrayal, for the path back to each other's arms. When a knight is pledged twice, once for loyalty and once for love, which oath will prove stronger? From private chambers to the distant bloodstained shores of the Crusades under King Richard's reign, THE BLUE FALCON is a timeless tale of adventure, treachery, and above all, an unforgettable love story. PRAISE FOR ROBYN CARR'S HISTORICALS:"She has done it again. Robyn Carr is absolutely marvelous."--Danielle Steel"Adventure, danger, derring-do, as well as doings at the glittering anything-goes court of Charles II...Carr tells an entertaining yarn."--Publishers Weekly"A fast, gripping story...The reading public can anticipate good books from an imaginative new author."--Best Sellers 610 $aFiction 700 $aCarr$b Robyn$01232503 801 0$bMiAaPQ 801 1$bMiAaPQ 801 2$bMiAaPQ 906 $aBOOK 912 $a9910163236203321 996 $aThe Blue Falcon$93585988 997 $aUNINA